[Event "TCh-CHN 2015"]
[Site "China CHN"]
[Date "2015.06.05"]
[Round "6.1"]
[Board "3"]
[White "Ma, Zhonghan"]
[Black "Malakhov, Vladimir"]
[Result "1/2-1/2"]
[WhiteTitle "IM"]
[BlackTitle "GM"]
[WhiteElo "2468"]
[BlackElo "2706"]
[WhiteTeam "Qingdao"]
[BlackTeam "Tianjing"]
[WhiteFideId "8607206"]
[BlackFideId "4120787"]
[EventDate "2015.04.10"]

1. Nf3 g6 2. e4 Bg7 3. d4 d6 4. Nc3 Nf6 5. Be2 O-O 6. O-O a6 7. h3 b5 8. e5 Nfd7
9. a4 bxa4 10. Bg5 Bb7 11. exd6 cxd6 12. Rxa4 h6 13. Be3 Nb6 14. Ra2 Qc7 15. Qd2
Kh7 16. Rfa1 Rc8 17. d5 Bxc3 18. bxc3 Nc4 19. Bxc4 Qxc4 20. Bxh6 Qxd5 21. Qe3
Nd7 22. Ra5 Rc5 23. c4 Qf5 24. Rxc5 Nxc5 25. Nd4 Qe4 26. f3 Qxe3+ 27. Bxe3 Rc8
28. Rb1 Rc7 29. Nb3 Nd7 30. c5 dxc5 31. Nxc5 Nxc5 32. Bxc5 Bd5 33. Ba3 f6 34.
Rb6 Bc4 35. Bb4 g5 36. Ba5 Rc5 37. Bb4 Rc7 38. Ba5 Rc5 1/2-1/2

[Event "TCh-CHN 2015"]
[Site "China CHN"]
[Date "2015.06.05"]
[Round "6.1"]
[Board "5"]
[White "Ni, Shiqun"]
[Black "Ushenina, Anna"]
[Result "1/2-1/2"]
[WhiteTitle "WIM"]
[BlackTitle "GM"]
[WhiteElo "2315"]
[BlackElo "2441"]
[WhiteTeam "Tianjing"]
[BlackTeam "Qingdao"]
[WhiteFideId "8608466"]
[BlackFideId "14110911"]
[EventDate "2015.04.10"]

1. e4 c5 2. Nf3 Nc6 3. Bb5 g6 4. Bxc6 bxc6 5. O-O Bg7 6. Re1 Rb8 7. c3 d6 8. h3
Nf6 9. d4 cxd4 10. cxd4 O-O 11. Nc3 Nd7 12. b3 Bb7 13. Be3 Rc8 14. Rc1 c5 15.
Qd2 Re8 16. Bh6 Bh8 17. Rc2 cxd4 18. Nxd4 Qa5 19. Rec1 Qh5 20. Nde2 Qe5 21. Be3
Nf6 22. f3 a6 23. Bd4 Qe6 24. Nf4 Qd7 25. Nfd5 Bxd5 26. Nxd5 Nxd5 27. Bxh8 Kxh8
28. Qxd5 Kg8 29. Rc6 Qa7+ 30. Kh2 Qb8 31. Kh1 Rxc6 32. Rxc6 Qb5 33. Qc4 Qb8 34.
Qd5 Qb5 35. Qc4 Ra8 36. Rc7 Qxc4 37. Rxc4 Kg7 38. Kg1 Ra7 39. Rc6 a5 40. Kf2 Kf6
41. Ke3 h5 42. h4 Ke5 43. g4 hxg4 44. fxg4 Ra8 45. Rb6 e6 46. Rb5+ d5 47. a4 Rh8
48. exd5 exd5 49. Rxa5 Rxh4 50. Rb5 Rxg4 51. a5 Rg1 52. a6 Ra1 53. Rb6 g5 54. b4
Ra3+ 55. Kf2 f5 56. b5 g4 57. Rc6 f4 58. Rc2 Kd6 59. Rc6+ Ke5 60. Rc2 Kd6 61.
Rc6+ Ke5 1/2-1/2

[Event "TCh-CHN 2015"]
[Site "China CHN"]
[Date "2015.06.05"]
[Round "6.2"]
[Board "1"]
[White "Li, Shilong"]
[Black "Liu, Guanchu"]
[Result "1-0"]
[WhiteTitle "GM"]
[BlackTitle "IM"]
[WhiteElo "2508"]
[BlackElo "2379"]
[WhiteTeam "Guangdong"]
[BlackTeam "Chengdu"]
[WhiteFideId "8600678"]
[BlackFideId "8603901"]
[EventDate "2015.04.10"]

1. d4 f5 2. g3 Nf6 3. Bg2 g6 4. Nf3 Bg7 5. O-O O-O 6. b3 d6 7. Bb2 Ne4 8. Nbd2
Nc6 9. c4 e5 10. dxe5 Nxd2 11. Qxd2 dxe5 12. Qd5+ Kh8 13. Qc5 e4 14. Bxg7+ Kxg7
15. Rad1 Qe7 16. Qxe7+ Nxe7 17. Nd4 c6 18. f3 exf3 19. exf3 f4 20. Rfe1 Ng8 21.
b4 Nf6 22. gxf4 a5 23. b5 cxb5 24. Nxb5 Bd7 25. Nd6 Bc6 26. Re7+ Kg8 27. Bh3
Bxf3 28. Be6+ Kh8 29. Rd3 Bg4 30. Nf7+ 1-0

[Event "TCh-CHN 2015"]
[Site "China CHN"]
[Date "2015.06.05"]
[Round "6.2"]
[Board "2"]
[White "Zeng, Chongsheng"]
[Black "Xu, Xiangyu CHN"]
[Result "0-1"]
[WhiteTitle "GM"]
[WhiteElo "2541"]
[BlackElo "2243"]
[WhiteTeam "Guangdong"]
[BlackTeam "Chengdu"]
[WhiteFideId "8603847"]
[BlackFideId "8608288"]
[EventDate "2015.04.10"]

1. b3 e5 2. Bb2 Nc6 3. e3 g6 4. Bb5 Bg7 5. f4 Nge7 6. Nf3 d6 7. fxe5 O-O 8. O-O
dxe5 9. Bc4 Nf5 10. e4 Nd6 11. Nc3 Nd4 12. Ba3 Bg4 13. Be2 Be6 14. d3 Re8 15.
Bc1 h6 16. Na4 b6 17. c3 Nxe2+ 18. Qxe2 f5 19. c4 f4 20. Bb2 Nf7 21. c5 b5 22.
Nc3 c6 23. Rad1 g5 24. Qf2 Qe7 25. Ne2 Rad8 26. d4 Bg4 27. d5 cxd5 28. exd5 e4
29. d6 Nxd6 30. cxd6 Rxd6 31. Rxd6 Qxd6 32. Bxg7 exf3 33. gxf3 Bh3 34. Bd4 Bxf1
35. Kxf1 b4 36. h4 Qg6 37. hxg5 hxg5 38. Kg2 Rc8 39. Qe1 Rc2 40. Qd1 g4 41. Bxa7
Qc6 42. Kf1 gxf3 43. Nxf4 Rc1 0-1

[Event "TCh-CHN 2015"]
[Site "China CHN"]
[Date "2015.06.05"]
[Round "6.2"]
[Board "3"]
[White "Xu, Yinglun"]
[Black "Li, Di"]
[Result "1/2-1/2"]
[BlackTitle "FM"]
[WhiteElo "2443"]
[BlackElo "2277"]
[WhiteTeam "Guangdong"]
[BlackTeam "Chengdu"]
[WhiteFideId "8604940"]
[BlackFideId "8607508"]
[EventDate "2015.04.10"]

1. d4 Nf6 2. c4 g6 3. Nc3 d5 4. cxd5 Nxd5 5. e4 Nxc3 6. bxc3 Bg7 7. Bg5 c5 8.
Rc1 Qa5 9. Qd2 h6 10. Be3 cxd4 11. cxd4 Qxd2+ 12. Bxd2 O-O 13. Be3 Nc6 14. d5
Nb4 15. Bd2 a5 16. Bc4 Bd7 17. Bxb4 axb4 18. Ne2 Rfc8 19. Bb3 Rxc1+ 20. Nxc1 Bb5
21. Kd2 h5 22. f4 Bh6 23. g3 g5 24. Ke3 Rc8 25. Ne2 Bxe2 26. Kxe2 gxf4 27. gxf4
Bxf4 28. Rf1 Bxh2 29. Rh1 Bd6 30. Rxh5 f6 1/2-1/2

[Event "TCh-CHN 2015"]
[Site "China CHN"]
[Date "2015.06.05"]
[Round "6.2"]
[Board "4"]
[White "Li, Yunshan"]
[Black "Liu, Manli CHN"]
[Result "1-0"]
[WhiteTitle "WFM"]
[WhiteElo "1916"]
[BlackElo "2033"]
[WhiteTeam "Chengdu"]
[BlackTeam "Guangdong"]
[WhiteFideId "8607664"]
[BlackFideId "8608121"]
[EventDate "2015.04.10"]

1. d4 Nf6 2. c4 e6 3. g3 d5 4. Nf3 Be7 5. Bg2 O-O 6. Qc2 c5 7. O-O cxd4 8. Nxd4
Nc6 9. Nxc6 bxc6 10. b3 Ba6 11. Bb2 Qb6 12. Nd2 Rfd8 13. e3 Rac8 14. Rfd1 Nd7
15. Nf3 Bf6 16. Bxf6 Nxf6 17. Ne5 c5 18. Rac1 h6 19. Rd2 Qc7 20. f4 Bb7 21. Rcd1
Qe7 22. Qb2 Ne4 23. Bxe4 dxe4 24. Rd7 Qe8 25. Qd2 Rxd7 26. Qxd7 Bc6 27. Nxc6
Qxd7 28. Rxd7 Rxc6 29. Rxa7 Rd6 30. Ra5 Rd2 31. Rxc5 Rxa2 32. b4 Rb2 33. b5 Kf8
34. Rc6 Ke7 35. b6 Kd7 36. Rc7+ Kd6 37. c5+ Kd5 38. b7 Kc4 39. c6 Kd3 40. Rc8 1-0

[Event "TCh-CHN 2015"]
[Site "China CHN"]
[Date "2015.06.05"]
[Round "6.2"]
[Board "5"]
[White "Ren, Xiaoyi"]
[Black "Li, Xueyi"]
[Result "1-0"]
[WhiteElo "2211"]
[BlackElo "2190"]
[WhiteTeam "Chengdu"]
[BlackTeam "Guangdong"]
[WhiteFideId "8608709"]
[BlackFideId "8605912"]
[EventDate "2015.04.10"]

1. d4 d5 2. c4 e6 3. Nf3 c6 4. e3 Nf6 5. Nbd2 Nbd7 6. b3 Bd6 7. Bb2 Qe7 8. Ne5
Ne4 9. Bd3 Nxd2 10. Qxd2 dxc4 11. Nxc4 Bb4 12. Bc3 Bxc3 13. Qxc3 O-O 14. O-O c5
15. Rac1 b6 16. Be4 Rb8 17. Rfd1 Bb7 18. Bxb7 Rxb7 19. dxc5 Nxc5 20. b4 Ne4 21.
Qd4 f5 22. Ne5 Rc7 23. Nc6 Qe8 24. b5 Nc5 25. h3 a6 26. a4 axb5 27. axb5 Rcf7
28. Qc4 Rd7 29. Ne5 Ra7 30. Rd6 Ra4 31. Qe2 Re4 32. f4 Qb8 33. Rcd1 Ra4 34. Nd7
Nxd7 35. Rxd7 Ra7 36. Qc4 Rxd7 37. Rxd7 Re8 38. Qd4 e5 39. Qd5+ Kh8 40. fxe5 h6
41. e6 Qg3 42. Rd6 Qxe3+ 43. Kf1 Qc1+ 44. Kf2 Qc2+ 45. Kg3 Qc3+ 46. Kh2 f4 47.
Qf3 Qe5 48. Rxb6 Rxe6 49. Rxe6 Qxe6 50. Qxf4 Qb6 51. Qe5 Kg8 52. Qe8+ Kh7 53.
Qc6 Qb8+ 54. Kh1 Qf4 55. Qc2+ g6 56. Qb1 1-0

[Event "TCh-CHN 2015"]
[Site "China CHN"]
[Date "2015.06.05"]
[Round "6.3"]
[Board "2"]
[White "Yu, Ruiyuan"]
[Black "Wang, Rui"]
[Result "1/2-1/2"]
[WhiteTitle "GM"]
[BlackTitle "GM"]
[WhiteElo "2571"]
[BlackElo "2403"]
[WhiteTeam "Jiangsu"]
[BlackTeam "Heibei"]
[WhiteFideId "8603090"]
[BlackFideId "8601003"]
[EventDate "2015.04.10"]

1. e4 e5 2. Nf3 Nc6 3. d4 exd4 4. Nxd4 Bb4+ 5. c3 Bc5 6. Be3 Bb6 7. g3 Nf6 8.
Bg2 d5 9. exd5 Nxd5 10. Nxc6 bxc6 11. Bxb6 axb6 12. O-O O-O 13. Nd2 Be6 14. Qc2
Qf6 15. Rfe1 Rad8 16. Nf3 Ne7 17. Ne5 Bd5 18. Rad1 Ng6 19. Ng4 Qg5 20. Ne3 Bxg2
21. Nxg2 Rxd1 22. Rxd1 Rd8 23. a4 h6 24. b4 Rxd1+ 25. Qxd1 c5 26. Ne3 Qe5 27.
Nd5 cxb4 28. cxb4 Qe4 29. f3 Qc4 30. f4 c6 31. Nxb6 1/2-1/2

[Event "TCh-CHN 2015"]
[Site "China CHN"]
[Date "2015.06.05"]
[Round "6.3"]
[Board "3"]
[White "Lin, Chen"]
[Black "Zhang, Ziji"]
[Result "1-0"]
[WhiteTitle "IM"]
[WhiteElo "2448"]
[BlackElo "2223"]
[WhiteTeam "Jiangsu"]
[BlackTeam "Heibei"]
[WhiteFideId "8602298"]
[BlackFideId "8609470"]
[EventDate "2015.04.10"]

1. e4 c5 2. Nf3 d6 3. Nc3 Nf6 4. e5 dxe5 5. Nxe5 a6 6. Be2 Qc7 7. d4 e6 8. Be3
Be7 9. Bf3 O-O 10. Qe2 Rd8 11. O-O-O cxd4 12. Bxd4 Nbd7 13. Rhe1 Nc5 14. b4 Rxd4
15. Rxd4 Nb3+ 16. axb3 Qxc3 17. Qe3 Qa1+ 18. Kd2 Qa3 19. Ke2 Nd5 20. Bxd5 exd5
21. Kf1 Bxb4 22. Qf4 1-0

[Event "TCh-CHN 2015"]
[Site "China CHN"]
[Date "2015.06.05"]
[Round "6.3"]
[Board "5"]
[White "Guo, Weibao"]
[Black "Guo, Qi"]
[Result "0-1"]
[BlackTitle "IM"]
[WhiteElo "1716"]
[BlackElo "2443"]
[WhiteTeam "Heibei"]
[BlackTeam "Jiangsu"]
[WhiteFideId "8608440"]
[BlackFideId "8604002"]
[EventDate "2015.04.10"]

1. d4 Nf6 2. c4 e6 3. Nf3 b6 4. a3 Ba6 5. e3 c5 6. Nc3 Be7 7. Be2 cxd4 8. Nxd4
Qc8 9. Ndb5 O-O 10. O-O Nc6 11. Bd2 Ne5 12. Qb3 Bb7 13. Nd4 d6 14. Rac1 Nfd7 15.
f4 Nc6 16. Nxc6 Bxc6 17. Bf3 Bxf3 18. Rxf3 Qc6 19. Qa4 Rfc8 20. Qxc6 Rxc6 21. b3
Nc5 22. Rb1 Bf6 23. Rff1 a6 24. Rfc1 Bxc3 25. Bxc3 Ne4 26. Bb4 Rac8 27. Rc2 a5
28. Be1 f5 29. Kf1 Kf7 30. Ke2 g5 31. g3 h5 32. Kf3 a4 33. bxa4 Rxc4 34. Ra2
R8c6 35. Bb4 Rc2 36. Rxc2 Rxc2 0-1

[Event "TCh-CHN 2015"]
[Site "China CHN"]
[Date "2015.06.05"]
[Round "6.4"]
[Board "1"]
[White "Fedoseev, Vladimir3"]
[Black "Zhou, Weiqi"]
[Result "1/2-1/2"]
[WhiteTitle "GM"]
[BlackTitle "GM"]
[WhiteElo "2674"]
[BlackElo "2627"]
[WhiteTeam "Zhejiang"]
[BlackTeam "Chongqing"]
[WhiteFideId "24130737"]
[BlackFideId "8601674"]
[EventDate "2015.04.10"]

1. d4 Nf6 2. c4 e6 3. Nf3 d5 4. Nc3 c5 5. cxd5 Nxd5 6. e4 Nxc3 7. bxc3 cxd4 8.
cxd4 Bb4+ 9. Bd2 Bxd2+ 10. Qxd2 O-O 11. Bc4 b6 12. O-O Bb7 13. Rfe1 Nd7 14. Rad1
Rc8 15. Bb3 h6 16. Qf4 Qf6 17. Qg4 Rfd8 18. Re3 Qe7 19. Qf4 a5 20. d5 exd5 21.
exd5 Qf6 22. Qg4 Rc3 23. Rxc3 Qxc3 24. Qf4 Nf6 25. d6 Bxf3 26. gxf3 Qc5 27. a4
Qg5+ 28. Qxg5 hxg5 29. Bc4 Kf8 30. Bb5 Ne8 31. d7 Nc7 32. Bc6 Ke7 33. Re1+ Ne6
34. Bb5 Rh8 35. Kg2 Rh4 36. Rc1 Nc5 37. Re1+ Ne6 38. Rc1 Nc5 39. Re1+ Ne6 40.
Rc1 1/2-1/2

[Event "TCh-CHN 2015"]
[Site "China CHN"]
[Date "2015.06.05"]
[Round "6.4"]
[Board "3"]
[White "Lu, Shanglei"]
[Black "Wang, Chen"]
[Result "1-0"]
[WhiteTitle "GM"]
[BlackTitle "IM"]
[WhiteElo "2570"]
[BlackElo "2500"]
[WhiteTeam "Zhejiang"]
[BlackTeam "Chongqing"]
[WhiteFideId "8603332"]
[BlackFideId "8601020"]
[EventDate "2015.04.10"]

1. e4 c5 2. Nf3 e6 3. d4 cxd4 4. Nxd4 Nc6 5. Nc3 Qc7 6. g3 a6 7. Bg2 Nf6 8. O-O
h5 9. Re1 Nxd4 10. Qxd4 Bc5 11. Bf4 d6 12. Qd2 Ng4 13. Re2 Ne5 14. b4 Ba7 15.
Rd1 Bd7 16. Qxd6 Qxd6 17. Rxd6 Nc4 18. Rd3 Rc8 19. e5 Nb2 20. Ne4 Nxd3 21. Nd6+
Ke7 22. Nxc8+ Rxc8 23. cxd3 Rc7 24. Be3 Bxe3 25. fxe3 Rc1+ 26. Kf2 Bb5 27. Rb2
Bxd3 28. Bxb7 Rf1+ 29. Kg2 Rf5 30. Rb3 Bf1+ 31. Kg1 Bb5 32. h4 Kd7 33. Rc3 Rf1+
34. Kg2 Rb1 35. a3 Rb2+ 36. Kg1 Rb1+ 37. Kf2 Rb2+ 38. Ke1 Rb1+ 39. Kd2 Rg1 40.
a4 Bxa4 41. Bxa6 Rd1+ 42. Ke2 Rb1 43. Rc4 Bc6 44. Kd2 Bd5 45. Bb5+ Kd8 46. Rd4
Kc7 47. e4 Bb7 48. Be8 Rb2+ 49. Ke3 Rb3+ 50. Kf4 f5 51. Bxh5 Bxe4 52. Bd1 Rb2
53. h5 Rf2+ 54. Kg5 Rg2 55. g4 Bd5 56. Kg6 fxg4 57. Rxg4 1-0

[Event "TCh-CHN 2015"]
[Site "China CHN"]
[Date "2015.06.05"]
[Round "6.4"]
[Board "4"]
[White "Tan, Zhongyi"]
[Black "Ding, Yixin"]
[Result "1-0"]
[WhiteTitle "WGM"]
[BlackTitle "WGM"]
[WhiteElo "2487"]
[BlackElo "2434"]
[WhiteTeam "Chongqing"]
[BlackTeam "Zhejiang"]
[WhiteFideId "8603642"]
[BlackFideId "8602972"]
[EventDate "2015.04.10"]

1. Nf3 Nf6 2. c4 e6 3. g3 d5 4. d4 Bb4+ 5. Nbd2 O-O 6. Bg2 b6 7. O-O Bb7 8. Qc2
Nbd7 9. a3 Bd6 10. b4 c5 11. bxc5 bxc5 12. cxd5 exd5 13. dxc5 Nxc5 14. Bb2 Re8
15. Nd4 Rc8 16. Bh3 Ne6 17. Qa4 Nc5 18. Qd1 Rb8 19. Rb1 Nfe4 20. Nxe4 dxe4 21.
Qc2 Qa5 22. Nf5 Bf8 23. Bc3 Qxa3 24. Rb4 Na6 25. Rb3 Qc5 26. Qb2 Bd5 27. Bxg7
Rb6 28. Rxb6 Qxb6 29. Nh6+ Qxh6 30. Bxh6 Bxh6 31. Qf6 1-0

[Event "TCh-CHN 2015"]
[Site "China CHN"]
[Date "2015.06.05"]
[Round "6.4"]
[Board "5"]
[White "Huang, Qian"]
[Black "Zhu, Jiner"]
[Result "1-0"]
[WhiteTitle "WGM"]
[WhiteElo "2473"]
[BlackElo "1989"]
[WhiteTeam "Chongqing"]
[BlackTeam "Zhejiang"]
[WhiteFideId "8602689"]
[BlackFideId "8608059"]
[EventDate "2015.04.10"]

1. Nf3 Nf6 2. g3 d5 3. Bg2 e6 4. O-O Be7 5. c4 d4 6. e3 c5 7. exd4 cxd4 8. d3
Nc6 9. Re1 O-O 10. a3 a5 11. Nbd2 Nd7 12. Qc2 e5 13. b3 f6 14. Rb1 Nc5 15. Ne4
Nxe4 16. Rxe4 f5 17. Rxe5 Nxe5 18. Nxe5 Qe8 19. Nf3 Bf6 20. Bb2 Qd8 21. Nxd4
Bxd4 22. Bd5+ Be6 23. Bxe6+ Kh8 24. Bd5 Bxb2 25. Qxb2 Qd7 26. Qe2 Rae8 27. Qf3
Re7 28. b4 Qe8 29. Bxb7 Re1+ 30. Rxe1 Qxe1+ 31. Kg2 axb4 32. axb4 Qxb4 33. Bd5
Qc3 34. Qe3 Qf6 35. c5 f4 36. gxf4 Qg6+ 37. Qg3 Qf5 38. Qf3 Rd8 39. Be4 Qxc5 40.
Qh3 h6 41. Qe6 Qd6 42. Qf5 Kg8 43. Qe5 Qd7 44. f5 Re8 45. Qc5 Qd8 46. Qe3 Kh8
47. Qg3 Rf8 48. h3 Rf6 49. Qe5 Ra6 50. Kf3 Ra2 51. h4 Ra6 52. Kg3 Rf6 53. d4 Rf8
54. Bd5 Qc8 55. Be6 Qc1 56. Kg2 Qc3 57. Qd6 Ra8 58. f6 gxf6 59. Qf4 Kg7 60. Qg4+
Kh8 61. Qg6 Qd2 62. Qxf6+ Kh7 63. Qf5+ Kg7 64. Qe5+ Kh7 65. Qe4+ Kg7 66. Qxa8
Qxd4 67. Qg8+ 1-0

[Event "TCh-CHN 2015"]
[Site "China CHN"]
[Date "2015.06.05"]
[Round "6.5"]
[Board "2"]
[White "Bai, Jinshi"]
[Black "Yu, Yangyi"]
[Result "1/2-1/2"]
[WhiteTitle "IM"]
[BlackTitle "GM"]
[WhiteElo "2518"]
[BlackElo "2724"]
[WhiteTeam "Hangzhou"]
[BlackTeam "Beijing"]
[WhiteFideId "8602280"]
[BlackFideId "8603820"]
[EventDate "2015.04.10"]

1. d4 d5 2. c4 e6 3. Nf3 Nf6 4. g3 Bb4+ 5. Bd2 Be7 6. Bg2 O-O 7. O-O c6 8. Qc2
Nbd7 9. Rd1 b6 10. b3 Ne4 11. Bf4 Bb7 12. Nc3 f5 13. Ne5 Nxe5 14. Bxe5 Nf6 15.
a4 a5 16. cxd5 cxd5 17. Nb5 Rc8 18. Qb2 Qd7 19. Rac1 Bc6 20. Nc3 Ne4 21. Nxe4
dxe4 22. e3 Bd5 23. Bf1 Rxc1 24. Rxc1 Rc8 25. Bb5 Qd8 26. Rc2 Kf7 27. Qc1 Rxc2
28. Qxc2 Bd6 29. Bxd6 Qxd6 30. h4 Ke7 31. Qc8 Qd8 32. Qc3 Kf7 33. b4 axb4 34.
Qxb4 Qc7 35. Be2 h6 36. Qb5 g6 37. Kf1 Ke7 38. Qb4+ Kf7 39. Qb5 Ke7 40. Qb4+ Qd6
41. Qc3 Qd8 42. Qb4+ Kf7 43. Bc4 Bxc4+ 1/2-1/2

[Event "TCh-CHN 2015"]
[Site "China CHN"]
[Date "2015.06.05"]
[Round "6.5"]
[Board "3"]
[White "Gao, Rui"]
[Black "Xiu, Deshun"]
[Result "1/2-1/2"]
[WhiteTitle "GM"]
[BlackTitle "GM"]
[WhiteElo "2533"]
[BlackElo "2557"]
[WhiteTeam "Hangzhou"]
[BlackTeam "Beijing"]
[WhiteFideId "8602387"]
[BlackFideId "8603693"]
[EventDate "2015.04.10"]

1. e4 c5 2. Nf3 Nc6 3. Nc3 Nf6 4. d4 cxd4 5. Nxd4 e5 6. Ndb5 d6 7. Bg5 a6 8. Na3
b5 9. Nd5 Be7 10. Bxf6 Bxf6 11. c4 b4 12. Nc2 O-O 13. g3 a5 14. h4 Be6 15. Bg2
Nd4 16. Nxd4 Bxd5 17. cxd5 exd4 18. O-O Rc8 19. Qd2 d3 20. Rac1 Qb6 21. Rc6 Rxc6
22. dxc6 Be5 23. Qxd3 Qxc6 24. b3 Rc8 25. f4 Bf6 26. Rd1 Be7 27. Kh2 Qc2 28.
Qxc2 Rxc2 29. Kh3 f6 30. Bf1 Kf8 31. Rd5 Rc5 32. Rxc5 dxc5 33. h5 h6 34. Kg4 Bd6
35. Kf5 Ke7 36. Bc4 Bc7 37. Bd5 Bb8 38. Bg8 Bc7 39. Bc4 Bb8 40. g4 Bc7 41. e5
fxe5 42. fxe5 Bb8 43. Ke4 Bc7 44. Kd5 Bb8 45. Bd3 Bc7 46. Be2 Bb8 47. Bc4 Bc7
48. e6 Bf4 49. Kxc5 Bc7 50. Kc6 Bd8 51. Bd5 Kf6 52. Kd7 Be7 53. Be4 Bf8 54. Bf5
Be7 55. Kc7 Ke5 56. Kc6 Kf6 57. Kb6 Bd8+ 58. Kb5 Ke7 59. Kc6 Kf6 60. Kd7 Be7 61.
Bd3 Bf8 62. Bc4 Be7 63. Kc6 Bd8 64. Kd6 1/2-1/2

[Event "TCh-CHN 2015"]
[Site "China CHN"]
[Date "2015.06.05"]
[Round "6.5"]
[Board "5"]
[White "Wang, Jue"]
[Black "Gu, Tianlu"]
[Result "1/2-1/2"]
[WhiteTitle "WGM"]
[BlackTitle "WIM"]
[WhiteElo "2365"]
[BlackElo "2182"]
[WhiteTeam "Beijing"]
[BlackTeam "Hangzhou"]
[WhiteFideId "8604070"]
[BlackFideId "8603995"]
[EventDate "2015.04.10"]

1. e4 e5 2. Nf3 Nc6 3. Bb5 a6 4. Ba4 Nf6 5. O-O b5 6. Bb3 Bc5 7. c3 d6 8. a4 Bb7
9. d3 O-O 10. Bg5 h6 11. Bh4 g5 12. Bg3 Ne7 13. Na3 Qd7 14. Nc2 Bb6 15. Ne3 Kg7
16. h3 Nh7 17. Bc2 Bxe3 18. fxe3 g4 19. hxg4 Qxg4 20. Bh4 Ng6 21. Bf2 Ng5 22.
Nh2 Qxd1 23. Raxd1 Rad8 24. Ra1 Ra8 25. Ra3 c5 26. Be1 c4 27. Nf3 cxd3 28. Bxd3
Bxe4 29. Be2 Bc6 30. a5 Ne4 31. c4 Rfb8 32. Nd2 Nxd2 33. Bxd2 bxc4 34. Bxc4 d5
35. Bb3 Rb7 36. Rc1 Ne7 37. Bc3 f6 38. Kf2 Rd8 39. Rd1 Rbd7 40. Bc2 Bb5 41. Ba4
Rb7 42. Bb3 Rbd7 43. Rh1 Bd3 44. Ra4 Rb7 45. Rg4+ Ng6 46. Bd1 Kh7 47. Rg3 Bf5
48. Rh5 Ne7 49. Rh4 Ng6 50. Rh5 Ne7 51. Rh4 Nc8 52. Be2 Nd6 53. Bxa6 Ra7 54. Be2
Ne4+ 55. Kf3 Nxc3 56. bxc3 Rxa5 57. Rb4 Rd7 58. Bb5 Rc7 59. c4 Be4+ 60. Kf2 Bd3
61. Rg4 f5 62. Rh4 Ra2+ 63. Kg1 Ra5 64. Kf2 Ra2+ 65. Kg1 Rg7 66. g4 fxg4 67.
cxd5 Bf5 68. e4 Bc8 69. Bc4 Rd2 70. Rb6 Rg6 71. Rb8 Bd7 72. Rb7 Rg7 73. Rb6 Rg6
74. Rb7 Rg7 75. Rb6 Rg6 76. Rb7 Rg7 1/2-1/2

[Event "TCh-CHN 2015"]
[Site "China CHN"]
[Date "2015.06.05"]
[Round "6.6"]
[Board "1"]
[White "Wen, Yang"]
[Black "Ni, Hua"]
[Result "1/2-1/2"]
[WhiteTitle "GM"]
[BlackTitle "GM"]
[WhiteElo "2573"]
[BlackElo "2704"]
[WhiteTeam "Shandong"]
[BlackTeam "Shanghai"]
[WhiteFideId "8602956"]
[BlackFideId "8601160"]
[EventDate "2015.04.10"]

1. d4 Nf6 2. c4 e6 3. g3 d5 4. Bg2 Bb4+ 5. Bd2 Be7 6. Nf3 O-O 7. O-O c6 8. Qc2
Nbd7 9. Rd1 b6 10. Bf4 Bb7 11. Nc3 dxc4 12. Nd2 Nd5 13. Nxc4 Nxf4 14. gxf4 Qc7
15. e3 Rad8 16. Rac1 c5 17. d5 exd5 18. Nxd5 Bxd5 19. Rxd5 b5 20. Ne5 Nxe5 21.
Rxe5 Bd6 22. Rd5 Be7 23. Re5 Bd6 24. Rd5 Be7 25. Re5 Bd6 26. Rd5 Be7 27. Re5 Bd6
28. Rd5 Be7 29. Re5 Bd6 30. Rd5 1/2-1/2

[Event "TCh-CHN 2015"]
[Site "China CHN"]
[Date "2015.06.05"]
[Round "6.6"]
[Board "2"]
[White "Zhao, Jun"]
[Black "Zhou, Jianchao"]
[Result "1/2-1/2"]
[WhiteTitle "GM"]
[BlackTitle "GM"]
[WhiteElo "2621"]
[BlackElo "2578"]
[WhiteTeam "Shandong"]
[BlackTeam "Shanghai"]
[WhiteFideId "8602522"]
[BlackFideId "8603537"]
[EventDate "2015.04.10"]

1. e4 c5 2. Nf3 d6 3. d4 cxd4 4. Nxd4 Nf6 5. Nc3 Nc6 6. Bg5 e6 7. Qd2 a6 8.
O-O-O Bd7 9. f3 Be7 10. h4 h6 11. Be3 h5 12. Nxc6 Bxc6 13. Kb1 d5 14. Qf2 Bb4
15. Ne2 Qc7 16. Bb6 Qe7 17. e5 Nd7 18. Bd4 Bb5 19. Qg3 O-O-O 20. Be3 Bc5 21. Bg5
f6 22. exf6 gxf6 23. Bc1 Bc6 24. Nd4 Bxd4 25. Rxd4 e5 26. Rd1 d4 27. Bc4 Nb6 28.
Bd3 Rhg8 29. Qh3+ Kb8 30. Rhe1 Qg7 31. Qf5 Bd7 32. Qxh5 Rh8 33. Qg6 Qxg6 34.
Bxg6 Rxh4 35. f4 Bg4 36. Rd3 Rg8 37. Bf7 Rg7 38. Bb3 Nd7 39. fxe5 fxe5 40. Rg3
Rhh7 41. Bd5 Bf5 42. Rb3 Nc5 43. Rf3 Rh5 44. Ref1 Be4 45. Bxe4 Nxe4 46. Rf5 Rxf5 1/2-1/2

[Event "TCh-CHN 2015"]
[Site "China CHN"]
[Date "2015.06.05"]
[Round "6.6"]
[Board "3"]
[White "Liu, Qingnan"]
[Black "Lou, Yiping"]
[Result "1-0"]
[WhiteTitle "IM"]
[BlackTitle "IM"]
[WhiteElo "2510"]
[BlackElo "2453"]
[WhiteTeam "Shandong"]
[BlackTeam "Shanghai"]
[WhiteFideId "8603294"]
[BlackFideId "8603928"]
[EventDate "2015.04.10"]

1. e4 e6 2. d4 d5 3. Nc3 Nf6 4. Bg5 dxe4 5. Nxe4 Nbd7 6. Nf3 h6 7. Nxf6+ Nxf6 8.
Be3 Nd5 9. Bd2 c5 10. c4 Nb6 11. dxc5 Bxc5 12. b4 Be7 13. c5 Nd5 14. Bb5+ Bd7
15. Bxd7+ Qxd7 16. Ne5 Qc7 17. Qa4+ Kf8 18. Nc4 h5 19. O-O h4 20. Rac1 h3 21. g3
Rh5 22. f4 g6 23. Qb3 Rd8 24. Qf3 Qc6 25. Ne5 Qb5 26. g4 Rh8 27. f5 gxf5 28.
gxf5 Nf6 29. Rf2 Rh5 30. a4 Qxa4 31. Qxb7 Rxf5 32. Nc6 Rd7 33. Bh6+ Kg8 34. Qxd7
Nxd7 35. Nxe7+ Kh7 36. Nxf5 exf5 37. Bf4 Qxb4 38. c6 Nb6 39. c7 Qd4 40. Re1 a5
41. Re3 Qd1+ 42. Rf1 Qd4 43. Rf3 Qd1+ 44. Kf2 Qd2+ 45. Re2 Qd4+ 46. Be3 Qh4+ 47.
Kf1 Nc8 48. Bf4 Qg4 49. Ree3 Qg2+ 50. Ke1 Qh1+ 51. Kd2 Kg6 52. Rg3+ Kf6 53. Bg5+ 1-0

[Event "TCh-CHN 2015"]
[Site "China CHN"]
[Date "2015.06.05"]
[Round "6.6"]
[Board "4"]
[White "Ju, Wenjun"]
[Black "Sukandar, Irine Kharisma"]
[Result "0-1"]
[WhiteTitle "GM"]
[BlackTitle "IM"]
[WhiteElo "2557"]
[BlackElo "2427"]
[WhiteTeam "Shanghai"]
[BlackTeam "Shandong"]
[WhiteFideId "8603006"]
[BlackFideId "7101937"]
[EventDate "2015.04.10"]

1. d4 Nf6 2. c4 e6 3. g3 d5 4. Nf3 dxc4 5. Bg2 Bd7 6. Nbd2 Bc6 7. Nxc4 Bb4+ 8.
Bd2 Bxd2+ 9. Qxd2 O-O 10. O-O Nbd7 11. Rac1 Bd5 12. b4 Nb6 13. Na5 Qe7 14. a3
Rfd8 15. Rfd1 h6 16. Ne5 Bxg2 17. Kxg2 c6 18. Qf4 Rd6 19. Qf3 Nfd7 20. Nd3 Rxd4
21. Nxb7 e5 22. Na5 Rd6 23. Nxc6 Qe8 24. e4 Rc8 25. Nxa7 Rxc1 26. Rxc1 Nf6 27.
Nc5 Rd4 28. b5 Qf8 29. Qf5 Nc4 30. Qc8 Nxa3 31. Qxf8+ Kxf8 32. b6 Nd7 33. Nxd7+
Rxd7 34. Rc7 0-1